Statistics for Countries of Asia with Two or More Words v2

Click here to take the quiz!

General Stats

  • This quiz has been taken 22 times
  • The average score is 6 of 6

Answer Stats

Answer% Correct
North Korea
100%
Saudi Arabia
100%
South Korea
100%
Sri Lanka
100%
East Timor
90%
United Arab Emirates
86%

Score Distribution

Percentile by Number Answered

Percent of People with Each Score

Your Score History

You have not taken this quiz